| 000 | 00836nam a22002295i 4500 | ||
|---|---|---|---|
| 001 | 177377 | ||
| 003 | ES-MaACL | ||
| 005 | 20240224062545.0 | ||
| 008 | 110318s1997 sp a |||| | spa d | ||
| 020 | _a84-8156-145-2 | ||
| 080 | _a929 Cervantes Saavedra, Miguel de | ||
| 245 | 0 | 0 | _aCervantes. |
| 260 |
_a[Madrid] : _bMinisterio de Educación y Cultura [etc.], _cD. L. 1997. |
||
| 300 |
_a14 p. : _bil. bl. y n. ; _c24 cm. |
||
| 505 | 8 | 0 | _aContiene: Cervantes / Pablo Jauralde Pou. Cronología de Miguel de Cervantes Saavedra / Florencio Sevilla Arroyo |
| 600 | 1 | 4 |
_aCervantes Saavedra, Miguel de, _d1547-1616 _9226514 |
| 700 | 0 |
_aJauralde Pou, Pablo. _966184 |
|
| 700 | 0 |
_aSevilla Arroyo, Florencio. _9105935 |
|
| 740 | 0 | 2 | _aCronología de Miguel de Cervantes Saavedra. |
| 852 |
_aES-MaACL _j2276-F-4 |
||
| 999 |
_c177377 _d177377 |
||